Statistics for Footballers By Picture #2

Click here to take the quiz!

General Stats

  • This quiz has been taken 141 times
  • The average score is 13 of 16

Answer Stats

Answer% Correct
Erling Haaland
98%
Eden Hazard
94%
Virgil Van Dijk
91%
Mesut Özil
90%
Paul Pogba
90%
Toni Kroos
86%
Sergio Busquets
84%
Christian Eriksen
80%
James Rodríguez
79%
Achraf Hakimi
78%
Diego Costa
75%
Raphaël Varane
74%
Alisson Becker
70%
Gonzalo Higuain
68%
Juan Cuadrado
57%
Henrikh Mkhitaryan
51%

Score Distribution

Percentile by Number Answered

Percent of People with Each Score

Your Score History

You have not taken this quiz